Beef Cattle Breeds - Statistics

General Stats
  • This quiz has been taken 36 times
  • The average score is 7 of 15
Answer Stats
Picture Answer % Correct
Highland
89%
Texas Longhorn
89%
Hereford
74%
Belgian Blue
67%
Charolais
63%
Shorthorn
59%
Limousin
56%
Simmental
52%
Brahman
48%
Aberdeen Angus
41%
Brangus
26%
Wagyu
19%
Chianina
15%
Murray Grey
15%
Braford
11%
No matching quizzes found
Score Distribution
Percent of People with Each Score
Percentile by Number Answered
Your Score History
You have not taken this quiz